| 000 | 00604cam a22002172 4500 | ||
|---|---|---|---|
| 001 | 0000019188 | ||
| 005 | 20151217152148.0 | ||
| 008 | 101019s xx 000 0 eng d | ||
| 020 | _a0071267700 : | ||
| 040 |
_aKABU _cKABU |
||
| 050 | 0 |
_aHF5549 _b.I95 2010 |
|
| 100 | 1 |
_aIvancevich, John M. _@0000150555 |
|
| 245 | 1 | 0 | _aHuman resource management. |
| 250 | _a11th ed. | ||
| 260 |
_aBoston : _b McGraw-Hill, _c2010. |
||
| 300 | _axviii, 636 p. | ||
| 650 | 0 |
_aPersonnel management. _@0000150761 |
|
| 852 | 1 | _9p1755 KES | |
| 908 | _a101019 | ||
| 950 | _@1 | ||
| 999 |
_c8865 _d8865 |
||